Electronics Devices and Circuits/ (Record no. 18588)

MARC details
000 -LEADER
fixed length control field 00605nam a22002057a 4500
005 - DATE AND TIME OF LATEST TRANSACTION
control field 20240731130550.0
008 - FIXED-LENGTH DATA ELEMENTS--GENERAL INFORMATION
fixed length control field 230605b |||||||| |||| 00| 0 eng d
020 ## - INTERNATIONAL STANDARD BOOK NUMBER
ISBN 9788177588873
082 ## - DEWEY DECIMAL CLASSIFICATION NUMBER
Classification number 621.3815
Item number BOG-E
100 ## - MAIN ENTRY--AUTHOR
Author Name Bogart, Theodore F
245 ## - TITLE STATEMENT
Title Electronics Devices and Circuits/
Statement of responsibility, etc. Theodore F. Bogart, Jeffrey S. Beasley and Guilermo Rico
250 ## - EDITION STATEMENT
Edition statement 6th ed.
260 ## - PUBLICATION, DISTRIBUTION, ETC.
Place of Publication India :
Name of publisher, distributor, etc. Pearsons ;
Date of publication, distribution, etc. 2004
300 ## - PHYSICAL DESCRIPTION
Pages xi, 877 p. :
500 ## - GENERAL NOTE
General note Include Index.
650 ## - SUBJECT ADDED ENTRY--TOPICAL TERM
Subject / Department Engineeirng
700 ## - ADDED ENTRY--PERSONAL NAME
Personal name Beasley, Jeffrey S.
700 ## - ADDED ENTRY--PERSONAL NAME
Personal name Rico, Guilermo
300 ## - PHYSICAL DESCRIPTION
-- ill;
-- 27.5 cm.
952 ## - LOCATION AND ITEM INFORMATION (KOHA)
-- 0
-- 0
952 ## - LOCATION AND ITEM INFORMATION (KOHA)
-- 0
-- 0
952 ## - LOCATION AND ITEM INFORMATION (KOHA)
-- 0
-- 0
952 ## - LOCATION AND ITEM INFORMATION (KOHA)
-- 0
-- 0
952 ## - LOCATION AND ITEM INFORMATION (KOHA)
-- 0
-- 0
952 ## - LOCATION AND ITEM INFORMATION (KOHA)
-- 0
-- 0
952 ## - LOCATION AND ITEM INFORMATION (KOHA)
-- 0
-- 0
952 ## - LOCATION AND ITEM INFORMATION (KOHA)
-- 0
-- 0
952 ## - LOCATION AND ITEM INFORMATION (KOHA)
-- 0
-- 0
952 ## - LOCATION AND ITEM INFORMATION (KOHA)
-- 0
-- 0
952 ## - LOCATION AND ITEM INFORMATION (KOHA)
-- 0
-- 0
952 ## - LOCATION AND ITEM INFORMATION (KOHA)
-- 0
-- 0
952 ## - LOCATION AND ITEM INFORMATION (KOHA)
-- 0
-- 0
952 ## - LOCATION AND ITEM INFORMATION (KOHA)
-- 0
-- 0
952 ## - LOCATION AND ITEM INFORMATION (KOHA)
-- 0
-- 0
Holdings
Lost status Damaged status Collection code Permanent Location Current Location Shelving Location Date acquired Full Call Number Accession No./Barcode Date last seen Copy number item type Koha item type
    Engineering Superior Information Resource Center (SIRC) Superior University- Main Campus Superior Information Resource Center (SIRC) Superior University- Gold Campus Engineering 08/01/2024 621.3815 BOG-E (00) 1641 04/13/2026 14 BOOK BOOK
    Engineering Superior Information Resource Center (SIRC) Superior University- Main Campus Superior Information Resource Center (SIRC) Superior University- Main Campus Engineering 06/05/2023 621.3815 BOG-E 2012 15343 06/05/2023 1 BOOK BOOK
    Engineering Superior Information Resource Center (SIRC) Superior University- Main Campus Superior Information Resource Center (SIRC) Superior University- Main Campus Electrical 07/31/2024 621.3815 BOG-E 2012 7753 07/31/2024 2 BOOK BOOK
    Engineering Superior Information Resource Center (SIRC) Superior University- Main Campus Superior Information Resource Center (SIRC) Superior University- Main Campus Electrical 07/31/2024 621.3815 BOG-E 2012 7754 07/31/2024 3 BOOK BOOK
    Engineering Superior Information Resource Center (SIRC) Superior University- Main Campus Superior Information Resource Center (SIRC) Superior University- Main Campus Electrical 07/31/2024 621.3815 BOG-E 2012 7755 07/31/2024 4 BOOK BOOK
    Engineering Superior Information Resource Center (SIRC) Superior University- Main Campus Superior Information Resource Center (SIRC) Superior University- Main Campus Electrical 07/31/2024 621.3815 BOG-E 2012 7756 07/31/2024 5 BOOK BOOK
    Engineering Superior Information Resource Center (SIRC) Superior University- Main Campus Superior Information Resource Center (SIRC) Superior University- Main Campus Electrical 07/31/2024 621.3815 BOG-E 2015 14248 07/31/2024 6 BOOK BOOK
    Engineering Superior Information Resource Center (SIRC) Superior University- Main Campus Superior Information Resource Center (SIRC) Superior University- Main Campus Electrical 07/31/2024 621.3815 BOG-E 2006 14249 07/31/2024 7 BOOK BOOK
    Engineering Superior Information Resource Center (SIRC) Superior University- Main Campus Superior Information Resource Center (SIRC) Superior University- Main Campus Electrical 07/31/2024 621.3815 BOG-E 2015 14250 07/31/2024 8 BOOK BOOK
    Engineering Superior Information Resource Center (SIRC) Superior University- Main Campus Superior Information Resource Center (SIRC) Superior University- Main Campus Electrical 07/31/2024 621.3815 BOG-E 2008 1621 07/31/2024 9 BOOK BOOK
    Engineering Superior Information Resource Center (SIRC) Superior University- Main Campus Superior Information Resource Center (SIRC) Superior University- Main Campus Electrical 07/31/2024 621.3815 BOG-E 2006 1622 07/31/2024 10 BOOK BOOK
    Engineering Superior Information Resource Center (SIRC) Superior University- Main Campus Superior Information Resource Center (SIRC) Superior University- Main Campus Electrical 07/31/2024 621.3815 BOG-E 2008 9957 07/31/2024 11 BOOK BOOK
    Engineering Superior Information Resource Center (SIRC) Superior University- Main Campus Superior Information Resource Center (SIRC) Superior University- Main Campus Electrical 07/31/2024 621.3815 BOG-E 2008 9958 07/31/2024 12 BOOK BOOK
    Engineering Superior Information Resource Center (SIRC) Superior University- Main Campus Superior Information Resource Center (SIRC) Superior University- Main Campus Electrical 07/31/2024 621.3815 BOG-E 2008 9959 07/31/2024 13 BOOK BOOK
    Engineering Superior Information Resource Center (SIRC) Superior University- Main Campus Superior Information Resource Center (SIRC) Superior University- Main Campus Engineering 08/01/2024 621.3815 BOG-E (00) 1619 08/01/2024 15 BOOK BOOK

Powered by Koha